Political leadership and economic development : (Record no. 3561)

MARC details
000 -LEADER
fixed length control field 01082cam a2200289 a 4500
001 - CONTROL NUMBER
control field 3335460
003 - CONTROL NUMBER IDENTIFIER
control field OSt
005 - DATE AND TIME OF LATEST TRANSACTION
control field 20230704083523.0
008 - FIXED-LENGTH DATA ELEMENTS--GENERAL INFORMATION
fixed length control field 850109s1983 ko b 100 0 eng
010 ## - LIBRARY OF CONGRESS CONTROL NUMBER
LC control number 85103506
040 ## - CATALOGING SOURCE
Original cataloging agency DLC
Transcribing agency DLC
Modifying agency DLC
043 ## - GEOGRAPHIC AREA CODE
Geographic area code a-cc---
-- a-ko---
082 00 - DEWEY DECIMAL CLASSIFICATION NUMBER
Classification number 338.95
Item number HEE
245 00 - TITLE STATEMENT
Title Political leadership and economic development :
Remainder of title Korea and China /
Statement of responsibility, etc. edited by Yoo Se-Hee.
260 ## - PUBLICATION, DISTRIBUTION, ETC. (IMPRINT)
Place of publication, distribution, etc. [Seoul, Korea] :
Name of publisher, distributor, etc. Institute for Sino-Soviet Studies, Hanyang University,
Date of publication, distribution, etc. c1983.
300 ## - PHYSICAL DESCRIPTION
Extent vii, 240 p. ;
Dimensions 24 cm.
490 0# - SERIES STATEMENT
Series statement ISSS research series ;
Volume/sequential designation 1
500 ## - GENERAL NOTE
General note Papers from a conference held at the Institute for Sino-Soviet Studies, Hanyang University, Dec. 14-15, 1982.
504 ## - BIBLIOGRAPHY, ETC. NOTE
Bibliography, etc Bibliography: p. 217-221.
650 #0 - SUBJECT ADDED ENTRY--TOPICAL TERM
Topical term or geographic name as entry element Economic development
Form subdivision Congresses.
651 #0 - SUBJECT ADDED ENTRY--GEOGRAPHIC NAME
Geographic name China
General subdivision Economic policy
Chronological subdivision 1976-2000
Form subdivision Congresses.
651 #0 - SUBJECT ADDED ENTRY--GEOGRAPHIC NAME
Geographic name Korea (South)
General subdivision Economic policy
Form subdivision Congresses.
700 1# - ADDED ENTRY--PERSONAL NAME
Personal name Yoo, Se-Hee.
710 2# - ADDED ENTRY--CORPORATE NAME
Corporate name or jurisdiction name as entry element Hanyang Taehakkyo.
Subordinate unit Chung-So Yŏnʾguso.
906 ## - LOCAL DATA ELEMENT F, LDF (RLIN)
a 7
b cbc
c orignew
d 3
e ncip
f 19
g y-gencatlg
942 ## - ADDED ENTRY ELEMENTS (KOHA)
Source of classification or shelving scheme Dewey Decimal Classification
Koha item type Books
Holdings
Withdrawn status Lost status Source of classification or shelving scheme Damaged status Not for loan Home library Current library Date acquired Total Checkouts Full call number Barcode Date last seen Price effective from Koha item type
    Dewey Decimal Classification     County Hall Archives County Hall Archives 07/04/2023   338.95 HEE 10000772 07/04/2023 07/04/2023 Books
LIBRARY OPENING HOURS

When the Parliament is sitting: 8.00a.m - 7.00p.m or until the house adjourns
Mondays and Fridays and when the House is on Recess:  8.00a.m - 5.00p.m
Closed on Weekends and Public Holidays

Online Public Access Catalog (OPAC)
Website: http://www.parliament.go.ke
Bunge Library: https://libraryir.parliament.go.ke
Contact: library@parliament.go.ke | Tel no: (254-2)2221291 or 2848000 Ext 5043